000 00675nam a22001815i 4500
001 172199
003 ES-MaACL
005 20230906214834.0
008 090617s1862 fr |||| | fre d
100 1 _aSand, Maurice.
_9103063
245 1 0 _aMasques et bouffons
_b: (comédie italienne) /
_ctexte et dessins par Maurice Sand ; gravures par A. Manceau ; preface par George Sand.
260 _aParis :
_bA. Lévy Fils,
_c1862.
300 _a2 v. :
_bil. ;
_c27 cm.
700 1 _aManceau, A.
_9140760
700 1 _aSand, George,
_d1804-1876
_9103060
852 _aES-MaACL
_jF-11526-27
_z.- Sello y dedicatoria autógrafa de Narciso Campillo
999 _c172199
_d172199